000 01322cam a22003377a 4500
001 1976
003 FISKH
005 20240715110421.0
008 120508r20122008enka j 001 0 eng d
010 _a 2012360031
020 _a9780756691707
020 _a0756691702
035 _a(OCoLC)ocn779217592
040 _aCKW
_cCKW
_dDEL
_dDLC
_beng
042 _alccopycat
050 0 0 _aQL49
_b.A587355 2012
082 0 4 _a590
_222
100 _aAnonymous
245 0 0 _aAnimals :
_ba visual encyclopedia /
260 _aLondon :
_bDK Publisher,
_c2008.
300 _a304 pages :
_bcolor illustrations ;
_c28 cm
505 0 _aZ'
520 _aAuthoritative yet accessible, Animals catalogs everything from aardvarks to zebras with special focus on the superlatives that appeal to children: biggest, fastest, strongest, and strangest. Stunning action photography puts our animal neighbors in context and shows them in their natural habitats, interacting with other animals and taking part in amazing migrations, feeding frenzies, and more.
521 8 _a1010
_bLexile IG
521 8 _aZ'
_bRaz-Plus
650 0 _aAnimals
_vEncyclopedias, Juvenile.
650 0 _aZoology
_vEncyclopedias, Juvenile.
710 2 _aDK Publishing, Inc.
906 _a7
_bcbc
_ccopycat
_d2
_encip
_f20
_gy-gencatlg
942 _2ddc
_cBK
_n0
999 _c1976
_d1976